00518 2200205 4500001002100000005001500021035002000036007000300056008004100059020001800100082000800118084001400126100001900140245004600159250000700205260003100212300003100243700001900274600001900293INLIS00000000000337420260309102256 a0010-0326000003ta260309 0 ind  a979-403-753-2 a413 a413 JOH k0 aJohn M. Echols1 aKAMUS INDONESIA INGGRIS /cJohn M. Echols aVI aJakarta :bGramedia,c1998 a618 hlm :bs ;c15 x 23 cm0 aHassan Shadily 4aJohn M. Echols